L` archet du colonel

Сохранить в:
Библиографические подробности
Главный автор: Confiant, Raphaël
Формат:
Язык:Undetermined
Опубликовано: Francia Mercure 1998
Предметы:
Метки: Добавить метку
Нет меток, Требуется 1-ая метка записи!

MARC

LEADER 00000nam a2200000Ia 4500
008 170316s9999 xx 000 0 und d
040 |a cru BVZT 
090 |a 840 C-10.2a 
100 |a Confiant, Raphaël 
245 |a L` archet du colonel 
260 |a Francia 
260 |b Mercure 
260 |c 1998 
300 |a 385 páginas 
650 |a LITERATURA FRANCESA 
650 |a NOVELA 
999 |c 7561  |d 7561 
942 |c 15 D  |h 840 C-10.2a  |2 z